000 00553nam a22001937a 4500
003 CEME
005 20210628202510.0
008 210208b xxu||||| |||| 00| 0 eng d
020 _a81-7554-088-5
040 _c.
082 _a658.1 PRE
100 _aPrescott, Bryan D
_960168
245 _aCreating a world class organization, ten performance measures of business success
250 _a2ND
260 _aNEW DELHI
_bKOGAN PAGE
_c1999
300 _aVII,150P
650 _aORGANIZATION SUCCESS; ORGANIZATION PERFORMANCE
_960169
942 _cBK
_2ddc
999 _c569969
_d569969